| 000 | 00626nam a22001697a 4500 | ||
|---|---|---|---|
| 999 |
_c15057 _d15057 |
||
| 003 | OSt | ||
| 082 | _2631.56 GIN/DE | ||
| 088 | _aP 99 | ||
| 100 |
_aGINU FRANCIS _aKARTHIAYANI A _aSREEJITH P. N _92453 |
||
| 245 | _aDevelopment and testing of a black pepper decorticator | ||
| 260 |
_aTavanur 2000 _bKelappaji College of Agricultural Engineering and Technology |
||
| 300 | _a39 | ||
| 500 | _aDevelopment and testing of a black pepper decorticator | ||
| 520 | _athe major parts were a cylinder with a rough inside surface, rotating shaft with vane arrangement | ||
| 700 |
_aDr. Santhi Mary Mathew (Guide) _92145 |
||
| 942 | _cPR | ||